Science Quiz

Random Science or Chemistry Quiz

Anything but Lead Quiz Stats

 Plays Quiz not verified by Sporcle

Challenge
Share
Tweet
Embed
Score 0/56 Timer 10:00
0 Plays Today
That... Element % Correct
Was known to the ancientsGold
94.8%
Whose chemical symbol is not based on its English nameGold
94.8%
Whose name is less than 6 letters longGold
94.8%
Is a naturally occurring, stable element with a density of at least 11g/cm^3Gold
94.8%
Was known to the ancientsSilver
91.5%
Whose chemical symbol is not based on its English nameSilver
91.5%
Whose name starts with 'L'Lithium
83.5%
Was known to the ancientsIron
83%
Was known to the ancientsTin
83%
Whose chemical symbol is not based on its English nameIron
83%
Whose chemical symbol is not based on its English nameTin
83%
Whose name is less than 6 letters longIron
83%
Whose name is less than 6 letters longTin
83%
Was known to the ancientsCopper
79.6%
Whose chemical symbol is not based on its English nameCopper
79.6%
Whose name is less than 6 letters longNeon
78.1%
Was known to the ancientsMercury
77.6%
Whose chemical symbol is not based on its English nameMercury
77.6%
Is a naturally occurring, stable element with a density of at least 11g/cm^3Mercury
77.6%
Whose chemical symbol is not based on its English namePotassium
76.1%
Whose name is less than 6 letters longArgon
72.3%
Was known to the ancientsCarbon
70.1%
Whose name is less than 6 letters longBoron
69.3%
Whose chemical symbol begins with 'P'Phosphorus
67.3%
Whose name is less than 6 letters longXenon
66.1%
Whose chemical symbol begins with 'P'Platinum
65.8%
Is a naturally occurring, stable element with a density of at least 11g/cm^3Platinum
65.8%
Whose chemical symbol is not based on its English nameSodium
65.6%
That... Element % Correct
Whose chemical symbol is not based on its English nameTungsten
65.1%
Is a naturally occurring, stable element with a density of at least 11g/cm^3Tungsten
65.1%
Whose name is less than 6 letters longRadon
64.8%
Was known to the ancientsZinc
64.6%
Whose name is less than 6 letters longZinc
64.6%
Whose chemical symbol begins with 'P'Plutonium
64.6%
Whose chemical symbol begins with 'P'Palladium
56.9%
Is a naturally occurring, stable element with a density of at least 11g/cm^3Palladium
56.9%
Whose name starts with 'L'Lanthanum
54.6%
Whose chemical symbol begins with 'P'Polonium
54.6%
Whose name starts with 'L'Lawrencium
49.6%
Was known to the ancientsSulfur
49.1%
Was known to the ancientsAntimony
48.9%
Whose chemical symbol is not based on its English nameAntimony
48.9%
Was known to the ancientsArsenic
46.1%
Whose name starts with 'L'Lutetium
41.6%
Whose chemical symbol begins with 'P'Protactinium
38.2%
Whose name starts with 'L'Livermorium
36.9%
Whose chemical symbol begins with 'P'Promethium
36.7%
Is a naturally occurring, stable element with a density of at least 11g/cm^3Osmium
33.4%
Whose chemical symbol begins with 'P'Praseodymium
28.9%
Is a naturally occurring, stable element with a density of at least 11g/cm^3Iridium
28.9%
Is a naturally occurring, stable element with a density of at least 11g/cm^3Rhodium
22.4%
Is a naturally occurring, stable element with a density of at least 11g/cm^3Rhenium
22.4%
Is a naturally occurring, stable element with a density of at least 11g/cm^3Hafnium
20.2%
Is a naturally occurring, stable element with a density of at least 11g/cm^3Tantalum
19.5%
Is a naturally occurring, stable element with a density of at least 11g/cm^3Ruthenium
19.2%
Is a naturally occurring, stable element with a density of at least 11g/cm^3Thallium
19%

You're not logged in!

Compare scores with friends on all Sporcle quizzes.
Join for Free
OR
Log In

You Might Also Like...

Show Comments

Extras

Top Quizzes Today


Score Distribution

Your Account Isn't Verified!

In order to create a playlist on Sporcle, you need to verify the email address you used during registration. Go to your Sporcle Settings to finish the process.

Report this User

Report this user for behavior that violates our Community Guidelines.

Details: